Jane Austen doma

Bibliographic Details
Main Author: Worsley, Lucy, 1973- (Author)
Other Authors: Mihalkovičová, Beáta, 1964- (Translator)
Format: Book
Language:Slovak
English
PhysicalDescription:387 strán, 12 strán nečíslovaná obrazová príloha fotografie, ilustrácie 24 cm
Published: V Bratislave Slovart 2018
ISBN:9788055631851
Subjects:

MARC

LEADER 00000cam a2200000 4500
001 vtls011827307
003 SK-MaSNL
005 20260302055209.0
008 201207s2018 xo oa grhn 011 1bslo
015 |a SNBA2019/02 
020 |a 9788055631851  |q (viazané) 
035 |a DBAD5831-4677-4F4B-99A5-2BDCEBC31119 
035 |a urn:nbn:sk:snk-am3iaxm 
035 |a urn:nbn:sk:snk-am00dimr 
040 |a SNK  |b slo  |c SNK  |e rda 
041 1 |a slo  |h eng 
044 |a xo  |c SK 
072 7 |a 821.111.09  |x Anglická literatúra, anglicky písaná (o nej)  |2 konspekt 
072 7 |a 929  |x Biografie  |2 konspekt 
080 |a 821.111  |2 2011 
080 |a (092)  |2 2011 
080 |a 821.111-055.2  |2 2011 
080 |a 82-95  |2 2011 
100 1 |a Worsley, Lucy,  |d 1973-  |4 aut  |9 193960 
240 1 0 |a Jane Austen at home  |l Slovensky 
245 1 0 |a Jane Austen doma  |c Lucy Worsley ; z angličtiny preložila Beáta Mihalkovičová 
264 1 |a V Bratislave  |b Slovart  |c 2018 
300 |a 387 strán, 12 strán nečíslovaná obrazová príloha  |b fotografie, ilustrácie  |c 24 cm 
336 |a text  |b txt  |2 rdacontent 
337 |a bez média  |b n  |2 rdamedia 
338 |a zväzok  |b nc  |2 rdacarrier 
500 |a Obsahuje krátke údaje o autorke na zadnej obálke 
500 |a Onsahuje poznámky 
504 |a Obsahuje bibliografiu na strane 326-333, bibliografické odkazy a register 
600 1 7 |a Austen, Jane,  |d 1775-1817  |2 SNKMA  |9 92702 
648 7 |a 18.-19. storočie  |2 SNKPH  |9 276687 
648 7 |a 18th-19th centuries  |2 SNKPHeng  |9 306531 
650 0 7 |a anglická literatúra  |2 SNKPH  |9 1295 
650 0 7 |a literárna kritika  |2 SNKPH  |9 1138 
650 0 7 |a anglické spisovateľky  |2 SNKPH  |9 67703 
650 0 7 |a English literature  |2 SNKPHeng  |9 282494 
650 0 7 |a Literary criticism  |2 SNKPHeng  |9 265138 
650 0 7 |a English women authors  |2 SNKPHeng  |9 302213 
655 7 |a biografie  |2 SNKPH  |9 27965 
655 7 |a Biography  |2 SNKPHeng  |9 266314 
700 1 |a Mihalkovičová, Beáta,  |d 1964-  |4 trl  |9 223394 
752 |a Slovensko  |d Bratislava 
919 |a 978-80-556-3185-1 
958 |a BC 
958 |a LX 
958 |a UP 
958 |a NB 
968 |b ENG 
999 |c 1116331  |d 1118261 
952 |a SNK  |b SNK  |y PREZ  |7 0  |p 17A1354371  |o snkSC 182867  |i snk2019/4248  |8 0  |0 0  |1 0  |4 0  |d 2019-02-14  |f 1  |l 0  |r 2026-02-24 18:16:30  |w 2026-02-24 
952 |a SNK  |b SNK  |y PREZ  |7 0  |p 17A1359750  |o snkSC 182867 D1  |i snk2019/4249  |8 0  |0 0  |1 0  |4 0  |d 2019-02-14  |l 0  |r 2026-02-24 18:16:30  |w 2026-02-24